00792nam a2200241 i 4500999001500000001000600015003000900021005001700030008004100047020001500088040003800103082001900141100002500160245006100185250001300246260004200259300004000301504005100341650001200392650001700404942001200421952011700433 c2510d251015817BD-DhUAP20210130101106.0200225s2013 ctuab b 001 0 eng  a0500281912 aBD-DhUAPbEngcBD-DhUAPdBD-DhUAP00a709.22 SMI223 aSmith, Edward Lucie. aLives of the great modern artists /cEdward Lucie-Smith. aRev. ed. aLondon : bThames & Hudson, cc2009. a368 pages :billustrations ;c28 cm aIncludes bibliographical references and index. aArtists aArt, Modern. 2ddccBK 00102ddc4070aUAPCLbUAPCLcGeneral Stacksd2020-02-25o709.22 SMIp3010015817r2020-02-25t1w2020-02-25yBK